| 000 | 00829nas a2200277 4500 | ||
|---|---|---|---|
| 001 | BR7700208 | ||
| 003 | BR-BrBNA | ||
| 005 | 20231205083034.0 | ||
| 007 | ta | ||
| 008 | 230509b bl.|||p| |||| 00| 00por d | ||
| 040 |
_aBR-BrBNA _bpor _cBiblioteca Nacional de Agricultura |
||
| 041 | _a(Pt) | ||
| 072 | _aL70 | ||
| 100 | 1 | _aSouza, R. | |
| 100 | 1 | _aPessoa, J.M. | |
| 100 | 1 | _aFreire, A.C.T. | |
| 100 | 1 | _aCosta Val, V.P. | |
| 245 | 1 | _aReacoes farmacodinamica do oviduto de galinha "in vitro" | |
| 650 | _aCONTROLE QUIMICO | ||
| 650 | _aGALINHA | ||
| 650 | _aOVIDUTO | ||
| 650 | _aFARMACOLOGIA | ||
| 773 | 0 |
_tArquivos da Escola de Veterinaria da Universidade Federal de Minas Gerais (Brazil) _xISSN 0365-8384 _g(1976), v. 28(1) p. 37-41 _wBR7700208 |
|
| 909 |
_a202311 _bLúcia _c55 _dLúcia Elande |
||
| 942 |
_2AGRIS _n0 _cANA |
||
| 999 |
_c95950 _d95950 |
||